000 00797nas a2200265 4500
001 BR9902903
003 BR-BrBNA
005 20231205101440.0
007 ta
008 230509b bl.|||p| |||| 00| 00por d
040 _aBR-BrBNA
_bpor
_cBiblioteca Nacional de Agricultura
041 _a(Pt)
072 _aF63
100 1 _aDomingues, E.T.
100 1 _aTulmann Neto, A.
245 1 _aInfluencia da polinizacao e da morfologia floral na frutificacao de variedades de laranja-doce
650 _aLaranja Doce
650 _aPolinizacao
650 _aFloracao
650 _aFrutificacao
650 _aVariedade
773 0 _tScientia Agricola (Brazil)
_xISSN 0103-9016
_g(Jan-Mar 1999), v. 56(1) p. 163-170
_wBR9902903
909 _a202311
_bLúcia
_c55
_dLúcia Elande
942 _2AGRIS
_n0
_cANA
999 _c161918
_d161918